[Event "Teheran zt 3.1"]
[Site "Teheran"]
[Date "1997.??.??"]
[Round "1"]
[White "Abdulghafour, Yousef"]
[Black "Al Hadarani, Hatim"]
[Result "1/2-1/2"]
[WhiteElo "2180"]
[BlackElo "2365"]
[EventDate "1997.??.??"]
[PlyCount "133"]

1.e4 c6 2.d4 g6 3.g3 d6 4.Bg2 Bg7 5.a4 Nf6 6.Ne2 Qc7 7.h3 e5 8.Nbc3 O-O 9.
O-O Nbd7 10.Be3 Nb6 11.b3 Re8 12.Qd2 Bd7 13.Rad1 Rad8 14.g4 exd4 15.Bxd4 
Be6 16.Ng3 d5 17.exd5 Nbxd5 18.Nxd5 Bxd5 19.Bxd5 Rxd5 20.Qc1 Ne4 21.Nxe4 
Rxd4 22.Ng3 Rf4 23.Rde1 Rd8 24.Re4 Bh6 25.Qe3 Rxe4 26.Qxe4 Bf4 27.Ne2 Be5 
28.Qe3 a6 29.Kg2 Qd6 30.Nc3 Bd4 31.Qf3 Qc5 32.Rd1 Qe5 33.Ne2 Bb6 34.Rxd8+ 
Bxd8 35.Ng3 Kg7 36.Qe4 Qc3 37.Ne2 Qf6 38.Qd4 Qxd4 39.Nxd4 Kf6 40.Kf3 Ke5 
41.Ne2 Kd5 42.Ke3 Bb6+ 43.Kf3 Ba7 44.c3 b5 45.Nf4+ Kc5 46.Nd3+ Kb6 47.axb5
cxb5 48.Ke4 a5 49.Kd5 Kc7 50.f3 Be3 51.c4 bxc4 52.Kxc4 Kd6 53.b4 a4 54.b5 
a3 55.Kb3 Kd5 56.Nb4+ Ke5 57.Kxa3 Bg1 58.Kb3 Kf4 59.Nd3+ Kxf3 60.Ne5+ Kg3 
61.Nxf7 h5 62.Ne5 Kxh3 63.gxh5 gxh5 64.Kc3 Kg3 65.Ng6 Kg4 66.Kd3 Kg5 67.
Ne5 1/2-1/2

[Event "Teheran zt 3.1"]
[Site "Teheran"]
[Date "1997.??.??"]
[Round "1"]
[White "Al Modiahki, Mohamad"]
[Black "Amjad, Ali M Al Bahadly"]
[Result "1-0"]
[WhiteElo "2410"]
[BlackElo "2295"]
[EventDate "1997.??.??"]
[PlyCount "34"]

1.e4 c5 2.Nf3 Nc6 3.Nc3 g6 4.d4 cxd4 5.Nxd4 Bg7 6.Nde2 Nf6 7.g3 d6 8.Bg2 
O-O 9.O-O Bd7 10.h3 Ne5 11.a4 Bc6 12.Nd4 Qa5 13.Qe2 Bd7 14.Rd1 Rfc8 15.Nd5
Qd8 16.Bg5 e6 17.f4 Nc6 1-0

[Event "Teheran zt 3.1"]
[Site "Teheran"]
[Date "1997.??.??"]
[Round "1"]
[White "Eid, Fadi"]
[Black "Murshed, Niaz"]
[Result "0-1"]
[WhiteElo "2250"]
[BlackElo "2505"]
[EventDate "1997.??.??"]
[PlyCount "44"]

1.e4 c5 2.Nf3 e6 3.d4 cxd4 4.Nxd4 Nc6 5.Nc3 Qc7 6.Nxc6 dxc6 7.Bd3 Nf6 8.
Qe2 e5 9.Bd2 Bc5 10.O-O-O b5 11.h3 Be6 12.f4 exf4 13.e5 Nd5 14.Nxd5 Bxd5 
15.Kb1 Be3 16.Bxe3 fxe3 17.Qxe3 O-O 18.Be4 Bxe4 19.Qxe4 Rfe8 20.Rhe1 Re6 
21.Rd6 Rc8 22.Red1 Qxd6 0-1

[Event "Teheran zt 3.1"]
[Site "Teheran"]
[Date "1997.??.??"]
[Round "1"]
[White "Kunte, Abhijit"]
[Black "Momeni, Hadi"]
[Result "1-0"]
[WhiteElo "2315"]
[BlackElo "2295"]
[EventDate "1997.??.??"]
[PlyCount "69"]

1.e4 c5 2.c3 e6 3.d4 d5 4.e5 Nc6 5.Nf3 Qb6 6.a3 cxd4 7.cxd4 Bd7 8.b4 Rc8 
9.Bb2 Nh6 10.Nc3 Be7 11.Rc1 O-O 12.Bd3 f6 13.O-O fxe5 14.dxe5 Kh8 15.Na4 
Qd8 16.Nc5 Bxc5 17.Rxc5 a6 18.Bc1 Nf7 19.Re1 Qe7 20.h4 Na7 21.Be3 Nc6 22.
Bb1 d4 23.Qd3 g6 24.Bd2 Rcd8 25.Ng5 Nxg5 26.Bxg5 Qf7 27.Bf6+ Kg8 28.Re2 
Rc8 29.h5 Ne7 30.hxg6 Nxg6 31.Qxd4 Bb5 32.Re3 Rxc5 33.bxc5 Bc6 34.Bxg6 
hxg6 35.Rh3 1-0

[Event "Teheran zt 3.1"]
[Site "Teheran"]
[Date "1997.??.??"]
[Round "1"]
[White "Lodhi, Mahmood"]
[Black "Mohd, A Altaher"]
[Result "1-0"]
[WhiteElo "2415"]
[BlackElo "2235"]
[EventDate "1997.??.??"]
[PlyCount "97"]

1.d4 d5 2.Nf3 Nf6 3.c4 c6 4.g3 Bf5 5.cxd5 cxd5 6.Bg2 e6 7.O-O h6 8.Nc3 Be7
9.Qb3 Qb6 10.Qxb6 axb6 11.Bf4 O-O 12.Rfc1 Nc6 13.Nb5 Ra5 14.a4 Rfa8 15.b3 
Ne8 16.Bf1 Rc8 17.Bd2 Raa8 18.Bc3 Na5 19.Nd2 Nc6 20.f3 Bg5 21.Kf2 Rd8 22.
e3 Rac8 23.Be2 Be7 24.e4 dxe4 25.fxe4 Bg6 26.Bf3 Bb4 27.Bxb4 Nxb4 28.Rxc8 
Rxc8 29.Nc4 Kf8 30.Nba3 Nf6 31.Ke3 Rc6 32.Rd1 Bh5 33.Bxh5 Nxh5 34.d5 exd5 
35.exd5 Rc8 36.Nb5 Nf6 37.Nxb6 Re8+ 38.Kf3 Rd8 39.d6 Nd7 40.Nxd7+ Rxd7 41.
Ke4 Nc6 42.Kd5 Ne7+ 43.Kc5 Nc8 44.Na3 f6 45.Nc4 Kf7 46.b4 Rd8 47.d7 Ne7 
48.Kd6 Ra8 49.b5 1-0

[Event "Teheran zt 3.1"]
[Site "Teheran"]
[Date "1997.??.??"]
[Round "1"]
[White "Najjar, Ahmad"]
[Black "Murugan, Krishnamoorthy"]
[Result "1/2-1/2"]
[WhiteElo "2235"]
[BlackElo "2395"]
[EventDate "1997.??.??"]
[PlyCount "50"]

1.d4 Nf6 2.Nf3 e6 3.c3 d5 4.Bf4 Bd6 5.Bg3 Ne4 6.e3 Nd7 7.Bxd6 cxd6 8.Nbd2 
O-O 9.Bd3 Ndf6 10.O-O Bd7 11.Rc1 b5 12.Qc2 Bc6 13.Ne1 a5 14.f3 Nxd2 15.
Qxd2 Qb6 16.Kh1 Rfc8 17.g4 b4 18.Ng2 h6 19.h4 Bb5 20.Nf4 e5 21.g5 exf4 22.
gxf6 Bxd3 23.Qxd3 Qd8 24.Qf5 Qxf6 25.Qxf6 gxf6 1/2-1/2

[Event "Teheran zt 3.1"]
[Site "Teheran"]
[Date "1997.??.??"]
[Round "1"]
[White "Omearat, Adel"]
[Black "Konguvel, Ponnuswamy"]
[Result "0-1"]
[WhiteElo "2260"]
[BlackElo "2425"]
[EventDate "1997.??.??"]
[PlyCount "66"]

1.Nf3 Nf6 2.c4 c5 3.Nc3 d5 4.cxd5 Nxd5 5.g3 Nc6 6.Bg2 Nc7 7.O-O e5 8.d3 
Be7 9.Nd2 Bd7 10.Nc4 f6 11.f4 b5 12.Ne3 exf4 13.gxf4 Rb8 14.Ned5 O-O 15.f5
b4 16.Nb1 Nxd5 17.Bxd5+ Kh8 18.Be4 Bd6 19.Bf4 Qc7 20.e3 Ne5 21.Nd2 Bb5 22.
Qe2 Rfe8 23.b3 Rbd8 24.Rad1 Nxd3 25.Bxd6 Qxd6 26.Qh5 Qe7 27.Rf3 Nb2 28.Rh3
h6 29.Rf1 Bxf1 30.Nxf1 Qxe4 31.Qg6 Re7 32.Kf2 Nd3+ 33.Kg1 Ne5 0-1

[Event "Teheran zt 3.1"]
[Site "Teheran"]
[Date "1997.??.??"]
[Round "1"]
[White "Prasad, Devaki V"]
[Black "Ghorbani, Mohsen"]
[Result "0-1"]
[WhiteElo "2450"]
[BlackElo "2205"]
[EventDate "1997.??.??"]
[PlyCount "62"]

1.e4 c5 2.Nf3 e6 3.d4 cxd4 4.Nxd4 Nc6 5.Nc3 Qc7 6.g3 a6 7.Bg2 h6 8.Nb3 Nf6
9.O-O Be7 10.f4 d6 11.Kh1 Rb8 12.a4 b6 13.Be3 Bb7 14.Qe2 O-O 15.g4 Nd7 16.
g5 hxg5 17.fxg5 Nce5 18.Qh5 g6 19.Qh4 b5 20.axb5 axb5 21.Nd4 b4 22.Nce2 
Ra8 23.Rad1 Ra5 24.b3 Qd8 25.Qf4 Qa8 26.Ng3 d5 27.exd5 Bxd5 28.Rd2 Nc6 29.
Nxc6 Bxg2+ 30.Rxg2 Qxc6 31.Ne4 Rf5 0-1

[Event "Teheran zt 3.1"]
[Site "Teheran"]
[Date "1997.??.??"]
[Round "2"]
[White "Al Hadarani, Hatim"]
[Black "Najjar, Ahmad"]
[Result "1-0"]
[WhiteElo "2365"]
[BlackElo "2235"]
[EventDate "1997.??.??"]
[PlyCount "97"]

1.e4 e5 2.Nf3 Nc6 3.d4 exd4 4.Nxd4 Bc5 5.Nb3 Bb6 6.Nc3 Nf6 7.Bg5 d6 8.Bd3 
Be6 9.Nd5 Bxd5 10.exd5 Qe7+ 11.Be2 Bxf2+ 12.Kxf2 Ne4+ 13.Kg1 Qxg5 14.Qd3 
Nc5 15.Nxc5 Ne5 16.Ne4 Qf4 17.Qd4 O-O 18.Rf1 Qh6 19.h3 f5 20.Nd2 Rae8 21.
Rf2 Qf6 22.Qc3 Qh4 23.Nf3 Nxf3+ 24.Qxf3 Qg5 25.Bd3 f4 26.Re2 h5 27.Kh2 
Rxe2 28.Bxe2 Re8 29.Rf1 Qg3+ 30.Kh1 Re5 31.Bd3 Qxf3 32.Rxf3 g5 33.h4 Kg7 
34.hxg5 Rxg5 35.Be4 Rg4 36.Bf5 Rh4+ 37.Bh3 Kf6 38.Kg1 Ke5 39.c4 b5 40.cxb5
Kxd5 41.Rc3 f3 42.Rxf3 Kc4 43.Rf5 d5 44.b3+ Kc5 45.g3 Rd4 46.Bg2 h4 47.
Rxd5+ Rxd5 48.Bxd5 hxg3 49.Bc4 1-0

[Event "Teheran zt 3.1"]
[Site "Teheran"]
[Date "1997.??.??"]
[Round "2"]
[White "Bagheri, Amir"]
[Black "Amjad, Ali M Al Bahadly"]
[Result "1-0"]
[WhiteElo "2215"]
[BlackElo "2295"]
[EventDate "1997.??.??"]
[PlyCount "75"]

1.d4 Nf6 2.Nf3 g6 3.Bg5 Bg7 4.Nbd2 d6 5.e4 O-O 6.c3 c5 7.dxc5 dxc5 8.Bc4 
Nc6 9.Qe2 h6 10.Bh4 Nd7 11.O-O Nde5 12.Nxe5 Nxe5 13.Bd5 g5 14.Bg3 Bg4 15.
Qe3 e6 16.Bc4 Qe7 17.f3 Bh5 18.Be2 Rfd8 19.Nc4 Nxc4 20.Bxc4 b6 21.Rad1 
Rxd1 22.Rxd1 Rd8 23.Rd3 Bg6 24.Qd2 Rxd3 25.Qxd3 Bf8 26.Bb8 f6 27.Bb5 a5 
28.Qd7 c4 29.Qxe7 Bxe7 30.Bxc4 Bc5+ 31.Kf1 Kf7 32.Ke2 g4 33.a3 Ke7 34.Bf4 
gxf3+ 35.gxf3 h5 36.Bd3 Bf7 37.e5 Be8 38.b4 1-0

[Event "Teheran zt 3.1"]
[Site "Teheran"]
[Date "1997.??.??"]
[Round "2"]
[White "Ghorbani, Mohsen"]
[Black "Lodhi, Mahmood"]
[Result "1/2-1/2"]
[WhiteElo "2205"]
[BlackElo "2415"]
[EventDate "1997.??.??"]
[PlyCount "70"]

1.d4 d5 2.c4 c6 3.Nf3 e6 4.g3 Nf6 5.Nbd2 Bd6 6.Bg2 O-O 7.O-O Nbd7 8.Qc2 h6
9.e4 dxe4 10.Nxe4 Nxe4 11.Qxe4 c5 12.Bf4 Nf6 13.Qe2 Bxf4 14.gxf4 cxd4 15.
Rfd1 Qc7 16.Rxd4 Bd7 17.Qe5 Rac8 18.b4 Bc6 19.a4 a5 20.b5 Bxf3 21.Bxf3 Nd7
22.Qxc7 Rxc7 23.Rad1 Nc5 24.b6 Re7 25.Rd8 Ree8 26.Rxe8 Rxe8 27.Rb1 Nxa4 
28.Rb5 Rc8 29.Bxb7 Rb8 30.c5 Rxb7 31.c6 Rxb6 32.c7 Rxb5 33.c8=Q+ Kh7 34.
Qc2+ Rf5 35.Qxa4 g6 1/2-1/2

[Event "Teheran zt 3.1"]
[Site "Teheran"]
[Date "1997.??.??"]
[Round "2"]
[White "Konguvel, Ponnuswamy"]
[Black "Jalal, Adil Ali"]
[Result "1-0"]
[WhiteElo "2425"]
[BlackElo "2265"]
[EventDate "1997.??.??"]
[PlyCount "61"]

1.e4 d5 2.exd5 Nf6 3.c4 c6 4.d4 cxd5 5.Nc3 Nc6 6.Nf3 e6 7.Bg5 Be7 8.c5 O-O
9.Bb5 a6 10.Ba4 Bd7 11.O-O Ne4 12.Bxe7 Qxe7 13.Re1 f5 14.Bxc6 bxc6 15.Ne5 
Be8 16.f3 Ng5 17.Na4 Nf7 18.Nb6 Rb8 19.Qe2 Qb7 20.Nd3 Nd8 21.Nb4 a5 22.Na6
Rc8 23.Nxc8 Qxc8 24.a4 Qb7 25.b4 Bd7 26.Reb1 Bc8 27.b5 Re8 28.Qd2 Nf7 29.
Qxa5 e5 30.dxe5 Qe7 31.Qc7 1-0

[Event "Teheran zt 3.1"]
[Site "Teheran"]
[Date "1997.??.??"]
[Round "2"]
[White "Mohd, A Altaher"]
[Black "Prasad, Devaki V"]
[Result "0-1"]
[WhiteElo "2235"]
[BlackElo "2450"]
[EventDate "1997.??.??"]
[PlyCount "56"]

1.e4 c5 2.Nf3 e6 3.d4 cxd4 4.Nxd4 a6 5.Nc3 Qc7 6.f4 Nc6 7.Nxc6 bxc6 8.Bd3 
d5 9.O-O Nf6 10.b3 Bc5+ 11.Kh1 Bd4 12.Bb2 dxe4 13.Bc4 c5 14.Qc1 O-O 15.Ne2
Bxb2 16.Qxb2 Bb7 17.Ng3 Rad8 18.Rae1 Rd2 19.Qc3 Rfd8 20.Re3 Qd6 21.f5 Ng4 
22.Re2 e3 23.fxe6 fxe6 24.Bd3 Qe7 25.Rf4 Qh4 26.Rxg4 Rd1+ 27.Re1 Qxg4 28.
h3 Qxh3+ 0-1

[Event "Teheran zt 3.1"]
[Site "Teheran"]
[Date "1997.??.??"]
[Round "2"]
[White "Murshed, Niaz"]
[Black "Hakki, Imad"]
[Result "1-0"]
[WhiteElo "2505"]
[BlackElo "2395"]
[EventDate "1997.??.??"]
[PlyCount "97"]

1.d4 Nf6 2.c4 e6 3.Nc3 Bb4 4.e3 c5 5.Bd3 Nc6 6.Ne2 d5 7.O-O cxd4 8.exd4 
O-O 9.cxd5 Nxd5 10.Be4 Nce7 11.Bg5 f6 12.Bh4 Kh8 13.Qb3 Bd6 14.Bg3 b6 15.
Nxd5 exd5 16.Bxd5 Nxd5 17.Qxd5 Ba6 18.Qxd6 Bxe2 19.Rfe1 Re8 20.Rac1 h6 21.
Rc7 Qxd6 22.Bxd6 Rad8 23.Bf8 Rxf8 24.Rxe2 Rxd4 25.g3 a5 26.Rb7 Rb4 27.b3 
a4 28.Re3 Ra8 29.Kg2 axb3 30.axb3 Rd8 31.h3 h5 32.Ree7 Rg8 33.Red7 h4 34.
Rd5 Kh7 35.Rh5+ Kg6 36.Rxh4 Rxb3 37.Rg4+ Kh6 38.Rd4 Rb2 39.Rdd7 b5 40.g4 
Rb3 41.Rd5 Rc8 42.Rdd7 Rg8 43.f3 Rb2+ 44.Kg3 Rb1 45.Rd5 Rg1+ 46.Kh2 Rb1 
47.Rh5+ Kg6 48.f4 Rb2+ 49.Kg3 1-0

[Event "Teheran zt 3.1"]
[Site "Teheran"]
[Date "1997.??.??"]
[Round "2"]
[White "Ravi, Lanka"]
[Black "Abdulghafour, Yousef"]
[Result "1-0"]
[WhiteElo "2390"]
[BlackElo "2180"]
[EventDate "1997.??.??"]
[PlyCount "77"]

1.d4 d5 2.c4 e6 3.Nc3 Nf6 4.Bg5 Nbd7 5.e3 Be7 6.Nf3 O-O 7.Bd3 a6 8.a4 c5 
9.O-O cxd4 10.exd4 dxc4 11.Bxc4 Nb6 12.Bb3 Nbd5 13.a5 Bd7 14.Ne5 Rc8 15.
Bxd5 Nxd5 16.Nxd5 exd5 17.Bxe7 Qxe7 18.Qb3 Be6 19.Rfe1 Rc7 20.h3 Qg5 21.
Qe3 Qxe3 22.Rxe3 Bd7 23.Rc3 Rxc3 24.bxc3 Bb5 25.Ng4 Rc8 26.Ra3 Kf8 27.Ne3 
Rd8 28.g4 g6 29.g5 Ke7 30.Kg2 f6 31.h4 f5 32.Kg3 Kd6 33.Kf4 Re8 34.f3 Re7 
35.Ra1 Rc7 36.Rc1 Ke6 37.h5 Be8 38.Re1 Rd7 39.Ng4+ 1-0

[Event "Teheran zt 3.1"]
[Site "Teheran"]
[Date "1997.??.??"]
[Round "3"]
[White "Al Hadarani, Hatim"]
[Black "Murugan, Krishnamoorthy"]
[Result "1-0"]
[WhiteElo "2365"]
[BlackElo "2395"]
[EventDate "1997.??.??"]
[PlyCount "102"]

1.e4 c5 2.Nf3 Nc6 3.d4 cxd4 4.Nxd4 Nf6 5.Nc3 d6 6.Be2 e6 7.g4 d5 8.Nxc6 
bxc6 9.exd5 cxd5 10.g5 Nd7 11.Bf4 Bb7 12.Qd4 Qb6 13.Qxb6 axb6 14.Nb5 e5 
15.Bg3 Rc8 16.O-O-O Be7 17.h4 d4 18.Rhg1 Be4 19.Bd3 Bxd3 20.Rxd3 Rc5 21.a4
h6 22.f4 hxg5 23.hxg5 Rh3 24.Kb1 f6 25.gxf6 gxf6 26.fxe5 fxe5 27.Re1 Rh6 
28.b3 Rg6 29.Na3 Rg4 30.Bh2 Rg2 31.Bg3 Rc3 32.Rxc3 dxc3 33.Bxe5 Nxe5 34.
Rxe5 Kd7 35.Nc4 Rg1+ 36.Ka2 Rc1 37.Nxb6+ Kc6 38.Re6+ Kb7 39.Rxe7+ Kxb6 40.
Re2 Ka5 41.Re5+ Kb6 42.Re2 Kc5 43.Rh2 Kb4 44.Rh4+ Ka5 45.Rc4 Rxc2+ 46.Ka3 
Rc1 47.b4+ Kb6 48.Kb3 Rb1+ 49.Kxc3 Rc1+ 50.Kb3 Rb1+ 51.Ka2 Rh1 1-0

[Event "Teheran zt 3.1"]
[Site "Teheran"]
[Date "1997.??.??"]
[Round "3"]
[White "Al Modiahki, Mohamad"]
[Black "Ghorbani, Mohsen"]
[Result "1/2-1/2"]
[WhiteElo "2410"]
[BlackElo "2205"]
[EventDate "1997.??.??"]
[PlyCount "62"]

1.e4 c5 2.Nf3 Nc6 3.Nc3 e6 4.d4 cxd4 5.Nxd4 Qc7 6.g3 a6 7.Bg2 Nf6 8.O-O 
Bc5 9.Nb3 Ba7 10.Bf4 Ne5 11.Qe2 d6 12.a4 O-O 13.Rad1 Rd8 14.Kh1 h6 15.Bc1 
Bd7 16.f4 Ng6 17.Nd4 Re8 18.f5 exf5 19.Nxf5 Re6 20.Bxh6 gxh6 21.Nxh6+ Kg7 
22.Nd5 Nxd5 23.Rxf7+ Kxh6 24.Rxd5 Ne5 25.Qf1 Be3 26.Rxe5 dxe5 27.Qf5 Rh8 
28.Qh3+ Kg6 29.Qf5+ Kh6 30.Qh3+ Kg6 31.Qf5+ Kh6 1/2-1/2

[Event "Teheran zt 3.1"]
[Site "Teheran"]
[Date "1997.??.??"]
[Round "3"]
[White "Eid, Fadi"]
[Black "Abdulghafour, Yousef"]
[Result "1-0"]
[WhiteElo "2250"]
[BlackElo "2180"]
[EventDate "1997.??.??"]
[PlyCount "127"]

1.e4 c5 2.Nf3 Nf6 3.Nc3 d5 4.exd5 Nxd5 5.Ne5 Qd6 6.Bb5+ Nc6 7.Bxc6+ bxc6 
8.Qe2 Nb4 9.O-O Nxc2 10.d3 Nd4 11.Qe1 f6 12.Nc4 Qc7 13.Qd1 e6 14.Ne4 Be7 
15.Nxc5 O-O 16.Ne4 Rd8 17.Bd2 Rd5 18.Ne3 Rd8 19.Nc4 Rd5 20.Rc1 Ba6 21.Nc3 
Rd7 22.Qg4 Bb4 23.Rfe1 e5 24.Ne4 f5 25.Nf6+ Kh8 26.Qh4 gxf6 27.Bxb4 Rg7 
28.Re3 f4 29.Bd6 Qd7 30.Qxf6 fxe3 31.Nxe5 Qb7 32.Re1 exf2+ 33.Qxf2 Ne6 34.
Nf3 Nf8 35.Be5 Bxd3 36.Qd4 Bg6 37.Bf6 Qb6 38.Bxg7+ Kg8 39.Bxf8 Qxd4+ 40.
Nxd4 Kxf8 41.Nxc6 Rc8 42.Ne5 Be8 43.Re2 Rc1+ 44.Kf2 Bb5 45.Rd2 Ke7 46.Nf3 
Kf6 47.Kg3 Rb1 48.Kf4 Ra1 49.a3 Rb1 50.g4 h6 51.h4 Rf1 52.Kg3 Kg7 53.Nd4 
Ba4 54.Nf5+ Kh7 55.Rd4 Bb5 56.h5 Rg1+ 57.Kf4 Be2 58.Rd7+ Kh8 59.Nxh6 a5 
60.Nf7+ Kg8 61.Ne5 a4 62.h6 Rh1 63.Rg7+ Kf8 64.Ng6+ 1-0

[Event "Teheran zt 3.1"]
[Site "Teheran"]
[Date "1997.??.??"]
[Round "3"]
[White "Hakki, Imad"]
[Black "Momeni, Hadi"]
[Result "1-0"]
[WhiteElo "2395"]
[BlackElo "2295"]
[EventDate "1997.??.??"]
[PlyCount "129"]

1.e4 c5 2.Nf3 d6 3.d4 cxd4 4.Nxd4 Nf6 5.Nc3 a6 6.Bg5 e6 7.f4 Be7 8.Qf3 Qc7
9.O-O-O Nbd7 10.g4 b5 11.Bxf6 Nxf6 12.g5 Nd7 13.f5 Bxg5+ 14.Kb1 Ne5 15.Qh5
Qe7 16.Nxe6 Bxe6 17.fxe6 g6 18.exf7+ Kxf7 19.Qh3 Kg7 20.Nd5 Qd8 21.Be2 Ra7
22.Qg3 Bh4 23.Qa3 Rf8 24.Bxb5 Qb8 25.Bd3 Bf2 26.Qc3 a5 27.Rhf1 a4 28.Qd2 
Bd4 29.c3 Rxf1 30.Rxf1 Nxd3 31.Qxd3 Be5 32.h4 a3 33.b4 Rf7 34.Rxf7+ Kxf7 
35.Kc2 Kg7 36.Kb3 Qd8 37.Qh3 Qa8 38.h5 gxh5 39.Qxh5 Qa6 40.Qg5+ Kf7 41.
Qf5+ Kg8 42.Qe6+ Kg7 43.Qd7+ Kh6 44.b5 Qa5 45.Qc6 Kg5 46.b6 Qc5 47.Nb4 Qg1
48.b7 Qd1+ 49.Kxa3 d5 50.Qxd5 Qxd5 51.exd5 h5 52.Nc6 Bd6+ 53.Ka4 h4 54.
b8=Q Bxb8 55.Nxb8 h3 56.d6 Kf6 57.d7 Ke7 58.d8=Q+ Kxd8 59.Nc6+ Kd7 60.Ne5+
Ke6 61.Ng4 Kf5 62.Nf2 h2 63.c4 Kf4 64.c5 Kf3 65.Nh1 1-0

[Event "Teheran zt 3.1"]
[Site "Teheran"]
[Date "1997.??.??"]
[Round "3"]
[White "Konguvel, Ponnuswamy"]
[Black "Murshed, Niaz"]
[Result "1-0"]
[WhiteElo "2425"]
[BlackElo "2505"]
[EventDate "1997.??.??"]
[PlyCount "127"]

1.e4 c5 2.Nf3 e6 3.d4 cxd4 4.Nxd4 Nc6 5.Nb5 d6 6.c4 Nf6 7.N1c3 a6 8.Na3 
Be7 9.Be2 O-O 10.O-O b6 11.Be3 Ne5 12.f4 Ned7 13.Bf3 Bb7 14.Qe2 Qc7 15.
Rac1 Rac8 16.Rfd1 Qb8 17.g4 Qa8 18.Qg2 g6 19.g5 Ne8 20.h4 Ng7 21.Kf2 f6 
22.Rd2 Rf7 23.Rh1 f5 24.e5 Bxf3 25.Qxf3 Qxf3+ 26.Kxf3 Ne8 27.Rhd1 Bf8 28.
exd6 Rc6 29.c5 bxc5 30.Nc4 Bg7 31.Na4 e5 32.fxe5 Bxe5 33.Nxc5 Bg7 34.b4 
Bc3 35.Rd3 Bxb4 36.Nxd7 Rxd7 37.Ne5 Rdxd6 38.Nxc6 Rxc6 39.Rd8 Kf7 40.R1d7+
Be7 41.Ra8 Ke6 42.Raa7 Bd6 43.Rxh7 Rc3 44.Ke2 Rc2+ 45.Kf1 f4 46.Bxf4 Bxf4 
47.Rae7+ Kf5 48.Rxe8 Kg4 49.Re2 Rc1+ 50.Kg2 Rc3 51.Rf7 Rc4 52.Rfe7 Rc3 53.
R7e4 Rg3+ 54.Kf1 Kf5 55.Re7 Kg4 56.Rg2 Kxh4 57.Rxg3 Bxg3 58.Re6 Kxg5 59.
Rxa6 Kf5 60.Rc6 Ke4 61.Rxg6 Bh2 62.Rc6 Kd5 63.Rc8 Kd6 64.Rc2 1-0

[Event "Teheran zt 3.1"]
[Site "Teheran"]
[Date "1997.??.??"]
[Round "3"]
[White "Omearat, Adel"]
[Black "Ravi, Lanka"]
[Result "0-1"]
[WhiteElo "2260"]
[BlackElo "2390"]
[EventDate "1997.??.??"]
[PlyCount "114"]

1.d4 Nf6 2.Nf3 g6 3.c4 Bg7 4.Nc3 O-O 5.e4 d6 6.Be2 Nbd7 7.O-O e5 8.d5 Nc5 
9.Qc2 a5 10.Ne1 Ne8 11.Nd3 b6 12.a3 f5 13.f3 Bd7 14.b3 f4 15.Bd2 g5 16.Nf2
a4 17.Nxa4 Nxa4 18.bxa4 Bxa4 19.Qc1 h5 20.g4 hxg4 21.Nxg4 Nf6 22.Nxf6+ 
Qxf6 23.Rf2 Kf7 24.Bd1 Qe7 25.Bxa4 Rxa4 26.Rg2 Bf6 27.Qf1 Rh8 28.Rg4 Qd7 
29.Bb4 Raa8 30.Ra2 Rh5 31.h4 Rxh4 32.Rxh4 gxh4 33.Rg2 Rh8 34.Rg4 h3 35.Kh1
Qa4 36.Qd3 Bh4 37.Rg1 Bf2 38.Rg4 Bg3 39.Rg5 Kf6 40.Rg4 Ra8 41.Qd2 Rh8 42.
Qd3 Kf7 43.Rg5 Qd7 44.Qd1 Kf6 45.Rg4 Rh4 46.Rxh4 Bxh4 47.a4 Qh7 48.a5 bxa5
49.Bxa5 Bf2 50.Bxc7 Qxc7 51.Qf1 Qa7 52.c5 Bxc5 53.Qe1 Qg7 54.Qh4+ Qg5 55.
Qh8+ Ke7 56.Qh7+ Kd8 57.Qg8+ Qxg8 0-1

[Event "Teheran zt 3.1"]
[Site "Teheran"]
[Date "1997.??.??"]
[Round "3"]
[White "Prasad, Devaki V"]
[Black "Bagheri, Amir"]
[Result "1/2-1/2"]
[WhiteElo "2450"]
[BlackElo "2215"]
[EventDate "1997.??.??"]
[PlyCount "119"]

1.e4 c6 2.d4 d5 3.Nd2 dxe4 4.Nxe4 Bf5 5.Ng3 Bg6 6.h4 h6 7.f4 e6 8.Nf3 Nd7 
9.h5 Bh7 10.Bd3 Bxd3 11.Qxd3 Qc7 12.Bd2 O-O-O 13.Qe2 c5 14.Ne5 Nxe5 15.
dxe5 Ne7 16.Ne4 Nc6 17.c3 Be7 18.O-O-O Qa5 19.Kb1 Rd7 20.c4 Qb6 21.Bc3 
Rhd8 22.Nd6+ Bxd6 23.exd6 Rxd6 24.Rxd6 Rxd6 25.Bxg7 Qd8 26.Bc3 Qg8 27.a3 
Qg3 28.Ka2 Rd8 29.f5 e5 30.f6 Rd6 31.Re1 Qh4 32.g3 Qg5 33.Qe3 Qxe3 34.Rxe3
Rxf6 35.Bxe5 Rf5 36.Bf4 Rxh5 37.Kb3 Rh2 38.Kc3 Kd7 39.b4 b6 40.Rd3+ Nd4 
41.Rd2 Rh1 42.Be3 Rc1+ 43.Kd3 Ra1 44.Bxd4 cxd4 45.Kxd4 Rxa3 46.Rh2 Rxg3 
47.Rxh6 Rg4+ 48.Kd5 Rg5+ 49.Kd4 Rg6 50.Rh8 Rd6+ 51.Ke5 Rc6 52.Kd5 Rc8 53.
Rh7 Ke7 54.Rh6 Rc7 55.c5 bxc5 56.bxc5 Kd7 57.c6+ Ke7 58.Rh2 f5 59.Rf2 Kd8 
60.Rxf5 1/2-1/2

[Event "Teheran zt 3.1"]
[Site "Teheran"]
[Date "1997.??.??"]
[Round "4"]
[White "Ghorbani, Mohsen"]
[Black "Kunte, Abhijit"]
[Result "0-1"]
[WhiteElo "2205"]
[BlackElo "2315"]
[EventDate "1997.??.??"]
[PlyCount "74"]

1.d4 Nf6 2.c4 c5 3.d5 b5 4.cxb5 a6 5.e3 g6 6.Nc3 Bg7 7.e4 O-O 8.a4 e6 9.
Nf3 Bb7 10.bxa6 Nxa6 11.Be2 Nb4 12.Bg5 Qa5 13.Bxf6 Bxf6 14.e5 Bg7 15.dxe6 
dxe6 16.O-O Rab8 17.Nb5 Bxf3 18.Bxf3 Bxe5 19.Qe2 Bf6 20.Rfc1 Rfd8 21.Be4 
c4 22.Ra3 Na6 23.g3 Rd2 24.Qxc4 Bxb2 25.Re3 Bxc1 26.Qxc1 Rbd8 27.Qc4 Rb2 
28.Nc3 Nc5 29.Bc6 Rb4 30.Qe2 Rbd4 31.Bb5 Qa8 32.Re5 Rd2 33.Qe3 Nd3 34.Bc6 
Qc8 35.Qxd2 Nxe5 36.Bb7 Rxd2 37.Bxc8 Rc2 0-1

[Event "Teheran zt 3.1"]
[Site "Teheran"]
[Date "1997.??.??"]
[Round "4"]
[White "Lodhi, Mahmood"]
[Black "Konguvel, Ponnuswamy"]
[Result "1-0"]
[WhiteElo "2415"]
[BlackElo "2425"]
[EventDate "1997.??.??"]
[PlyCount "81"]

1.d4 Nf6 2.c4 g6 3.Nc3 Bg7 4.e4 d6 5.f3 O-O 6.Bg5 a6 7.Qd2 c5 8.d5 b5 9.
cxb5 Nbd7 10.Nh3 axb5 11.Bxb5 Ba6 12.Bxa6 Rxa6 13.O-O Qa5 14.Bh6 Rb8 15.
Bxg7 Kxg7 16.Nf2 c4 17.Rab1 Qb4 18.Qd4 Qc5 19.Rfd1 Rab6 20.Qd2 Rb4 21.Rdc1
Qb6 22.Rc2 Kg8 23.h3 Nc5 24.Kh2 Nfd7 25.f4 Qa6 26.Qe3 Na4 27.Ncd1 Nac5 28.
Nc3 Na4 29.Nfd1 Ndc5 30.e5 Nd3 31.a3 Nxc3 32.Rxc3 Rb3 33.Qd4 Rxc3 34.Nxc3 
Rxb2 35.Rxb2 Nxb2 36.Ne4 Qxa3 37.exd6 exd6 38.Qf6 Qd3 39.Nxd6 Qxd5 40.Qd8+
Kg7 41.Ne8+ 1-0

[Event "Teheran zt 3.1"]
[Site "Teheran"]
[Date "1997.??.??"]
[Round "4"]
[White "Momeni, Hadi"]
[Black "Najjar, Ahmad"]
[Result "1/2-1/2"]
[WhiteElo "2295"]
[BlackElo "2235"]
[EventDate "1997.??.??"]
[PlyCount "49"]

1.e4 e5 2.Nf3 Nc6 3.Bb5 a6 4.Ba4 Nf6 5.O-O Nxe4 6.d4 b5 7.Bb3 d5 8.dxe5 
Be6 9.Qe2 Bc5 10.Be3 O-O 11.Rd1 Ne7 12.Nbd2 Bxe3 13.Qxe3 Nf5 14.Qd3 Nc5 
15.Qc3 Qe7 16.Nd4 Nxd4 17.Qxd4 c6 18.a4 Bf5 19.axb5 axb5 20.Qb4 Ra7 21.Nf3
Nxb3 22.Qxb3 Bg4 23.Rxa7 Qxa7 24.h3 Bxf3 25.Qxf3 1/2-1/2

[Event "Teheran zt 3.1"]
[Site "Teheran"]
[Date "1997.??.??"]
[Round "4"]
[White "Murshed, Niaz"]
[Black "Al Hadarani, Hatim"]
[Result "1-0"]
[WhiteElo "2505"]
[BlackElo "2365"]
[EventDate "1997.??.??"]
[PlyCount "79"]

1.d4 c5 2.d5 e5 3.c4 d6 4.e4 g6 5.Nc3 Bg7 6.Be2 h5 7.Nf3 Nh6 8.Bg5 f6 9.
Bd2 Nd7 10.Qa4 O-O 11.Nh4 Kh7 12.g3 a6 13.Qc2 Qe8 14.h3 Qf7 15.g4 hxg4 16.
hxg4 Rh8 17.g5 fxg5 18.Nf3 Kg8 19.Nxg5 Qe7 20.O-O-O Nf8 21.Rdg1 Nf7 22.
Rxh8+ Kxh8 23.Qb3 Kg8 24.Na4 Bh6 25.Nb6 Rb8 26.Nxc8 Rxc8 27.Bg4 Rb8 28.Be6
Nxe6 29.Nxe6 Bxd2+ 30.Kxd2 Qf6 31.Qg3 Nh8 32.Rh1 b5 33.Qh3 Rb7 34.cxb5 
axb5 35.Kc1 Rd7 36.Kb1 b4 37.b3 Ra7 38.Nd4 Rc7 39.Nb5 Rf7 40.Nxd6 1-0

[Event "Teheran zt 3.1"]
[Site "Teheran"]
[Date "1997.??.??"]
[Round "4"]
[White "Murugan, Krishnamoorthy"]
[Black "Eid, Fadi"]
[Result "1-0"]
[WhiteElo "2395"]
[BlackElo "2250"]
[EventDate "1997.??.??"]
[PlyCount "81"]

1.d4 Nc6 2.Nf3 d5 3.c4 Bg4 4.cxd5 Bxf3 5.gxf3 Qxd5 6.e3 e6 7.Nc3 Qh5 8.f4 
Qxd1+ 9.Kxd1 Nf6 10.Bg2 O-O-O 11.Bd2 Ne7 12.Ke2 Nf5 13.Rhg1 h6 14.Ne4 Nxe4
15.Bxe4 Nd6 16.Bd3 g5 17.e4 Be7 18.e5 Ne8 19.Bc3 Ng7 20.h4 Nh5 21.fxg5 
hxg5 22.hxg5 Nf4+ 23.Ke3 Nh3 24.Rg4 Bxg5+ 25.f4 Bxf4+ 26.Rxf4 Nxf4 27.Kxf4
c5 28.Rg1 cxd4 29.Bb4 Rh4+ 30.Rg4 Rxg4+ 31.Kxg4 a5 32.Be7 Rd5 33.Kf4 Kd7 
34.Bh4 Kc6 35.Be4 Kc5 36.Bxd5 Kxd5 37.a4 Kc4 38.Ke4 Kb4 39.Kxd4 Kxa4 40.
Kc4 b5+ 41.Kc3 1-0

[Event "Teheran zt 3.1"]
[Site "Teheran"]
[Date "1997.??.??"]
[Round "4"]
[White "Prasad, Devaki V"]
[Black "Hakki, Imad"]
[Result "1/2-1/2"]
[WhiteElo "2450"]
[BlackElo "2395"]
[EventDate "1997.??.??"]
[PlyCount "20"]

1.d4 Nf6 2.Nf3 g6 3.g3 Bg7 4.Bg2 O-O 5.O-O d6 6.h3 Nbd7 7.d5 e5 8.dxe6 
fxe6 9.Nc3 e5 10.e4 Nc5 1/2-1/2

[Event "Teheran zt 3.1"]
[Site "Teheran"]
[Date "1997.??.??"]
[Round "4"]
[White "Ravi, Lanka"]
[Black "Jalal, Adil Ali"]
[Result "1-0"]
[WhiteElo "2390"]
[BlackElo "2265"]
[EventDate "1997.??.??"]
[PlyCount "89"]

1.d4 f5 2.c4 Nf6 3.Nc3 g6 4.f3 Bg7 5.e4 d6 6.e5 dxe5 7.dxe5 Qxd1+ 8.Kxd1 
Nfd7 9.f4 e6 10.Nf3 a6 11.Be3 Nc6 12.h4 h6 13.a3 b6 14.Kc2 Bb7 15.b4 O-O-O
16.Rh3 Rhe8 17.Rg3 Nf8 18.Kb3 Rd7 19.c5 Ne7 20.cxb6 Nd5 21.Nxd5 Bxd5+ 22.
Bc4 Bxc4+ 23.Kxc4 Kb7 24.bxc7 Rxc7+ 25.Bc5 Nd7 26.Rb1 Bf8 27.Nd4 Nb6+ 28.
Kd3 Nd5 29.Rf3 Rd7 30.Ke2 Bg7 31.Nb3 Rc7 32.g3 g5 33.Rd1 Rd8 34.Nd4 Re8 
35.Kf2 gxf4 36.gxf4 Rd7 37.Bd6 Nb6 38.Nb3 Na4 39.Nc5+ Nxc5 40.bxc5 Kc6 41.
Rb3 Rb7 42.Rxb7 Kxb7 43.Rb1+ Kc6 44.Rb6+ Kd5 45.c6 1-0